Deutsche Politiker der 1980er Jahre - Statistiken

Allgemein
  • Dieses Quiz wurde 374 mal gespielt
  • Das Durchschnittsergebnis liegt bei 8 aus 16
Antwortstatistiken
Bildquiz Antwort % Korrekt
Helmut Kohl
100%
Norbert Blüm
70%
Richard Von Weizsäcker
60%
Bernhard Vogel
59%
Egon Krenz
59%
Otto Schily
57%
Rita Süssmuth
57%
Jürgen Möllemann
51%
Björn Engholm
49%
Petra Kelly
49%
Otto Graf Lambsdorff
45%
Heiner Geißler
44%
Gerhard Stoltenberg
30%
Walter Momper
28%
Manfred Wörner
27%
Martin Bangemann
23%
Keine übereinstimmenden Quizze gefunden
Verteilung der Resultate
Anzahl Personen mit jedem Resultat
Perzentil nach korrekt beantworteten Fragen
Ihre Resultats-Entwicklung
Sie haben dieses Quiz noch nicht gespielt